Normal view
MARC view
Entry Corporate Name
001 - CONTROL NUMBER
- control field: 43742
003 - CONTROL NUMBER IDENTIFIER
- control field:
005 - DATE AND TIME OF LATEST TRANSACTION
- control field: 20240425101206.0
008 - FIXED-LENGTH DATA ELEMENTS
- fixed length control field: 240425|| aca||aabn | a|a d
040 ## - CATALOGING SOURCE
- Original cataloging agency:
- Transcribing agency:
110 ## - HEADING--CORPORATE NAME
- Corporate name or jurisdiction name as entry element: Kaduna State Ministry of Internal Affairs
670 ## - SOURCE DATA FOUND
- Source citation: Work cat.: ()22171: Kaduna State Ministry of Internal Affairs, affairs and information. information activities of ministry for local government, 1982
